000 00951cab a2200217 4500
001 ABS39623
008 090401t1987 xxu||||| |||| 00| 0 eng d
035 _a(Sirsi) u17813
041 _aeng
100 _aRumpf, D.L.
245 _aPromoting racial and economic integration in housing
260 _c1987
350 _a0
490 _aTown Planning Review
_v58(4) October 1987, 427-440(14)
520 _aCommunity-based housing development groups are in the forefront of the attempt to create affordable, integrated housing. Typically, these efforts have been characterised by major financial and planning problems. This paper describes a microcomputer decision support system which assists in planning and financial analysis while simultaneously promoting economic and racial integration . (from Journal abstract)
650 _aCOMPUTERS
690 _aBlock management
_96220
700 _aVenegas, R.
942 _n0
948 _c04/03/1997
999 _c11816
_d11816